Viacslovné termíny ako relevantná súčasť odbornej slovnej zásoby
Slovotvorné postupy a vytváranie viacslovných termínov pri tvorbe nemeckej odbornej komunikácie. Súlad so všeobecným jazykom a tvorba nemeckých odborných termínov. Výskum odbornej slovnej zásoby, najmä z hľadiska slovotvorby. Sémantické štruktúry.
Guardado en:
| Autor principal: | |
|---|---|
| Formato: | Capítulo de libro |
| Lenguaje: | eslovaco |
| Materias: | |
| Etiquetas: |
Sin Etiquetas, Sea el primero en etiquetar este registro!
|
MARC
| LEADER | 00000nla$a2200000$$$4500 | ||
|---|---|---|---|
| 001 | 0119483 | ||
| 005 | 20230113082849.1 | ||
| 041 | 0 | |a slo | |
| 044 | |a SK | ||
| 245 | 1 | 0 | |a Viacslovné termíny ako relevantná súčasť odbornej slovnej zásoby |c Hana Borsuková |
| 520 | |a Slovotvorné postupy a vytváranie viacslovných termínov pri tvorbe nemeckej odbornej komunikácie. Súlad so všeobecným jazykom a tvorba nemeckých odborných termínov. Výskum odbornej slovnej zásoby, najmä z hľadiska slovotvorby. Sémantické štruktúry. | ||
| 610 | 2 | 0 | |a jazyky cudzie |
| 610 | 2 | 0 | |a nemčina |
| 610 | 2 | 0 | |a sémantika |
| 610 | 2 | 0 | |a syntax |
| 610 | 2 | 0 | |a terminológia |
| 610 | 2 | 0 | |a metodika |
| 610 | 2 | 0 | |a vzdelávanie |
| 100 | 1 | |a Borsuková, Hana | |